| 000 | 01320nam2a2200265 4500 | ||
|---|---|---|---|
| 001 | rc\2652084 | ||
| 005 | 20260315043131.0 | ||
| 035 | _a(NLR Aleph) 006959542 | ||
| 090 |
_a13563554 _c13563554 |
||
| 100 | _a20110611d1932 u y0rusy50 ca | ||
| 101 | 0 | _arus | |
| 102 | _aRU | ||
| 105 | _aa z ||||| | ||
| 200 | 1 |
_aСоциалистическая промышленность. Колхозное и совхозное строительство _fСост. Полчков и Скородум _gПод ред. Н.Н. Харитонова |
|
| 210 |
_d1932 _gфабрика книги "Красный пролетарий" |
||
| 215 |
_a116, [3] с., 1 с. объявл. _cил. |
||
| 461 | 0 |
_1001rc\2652078 _12001#$aКрасноармейский политучебник$eОбщеполитич. курс$eВып. I-$fПод общ. ред. А. Геронимуса$vВып. 6 _95329301 _cМосква _d1932 _fПод общ. ред. А. Геронимуса _n[Огиз] _oОбщеполитич. курс : Вып. I- _tКрасноармейский политучебник _vВып. 6 |
|
| 702 | 1 |
_aПолчков _4220 |
|
| 702 | 1 |
_aСкородум _4220 |
|
| 702 | 1 |
_aХаритонов _bН.Н. _4340 |
|
| 801 | 0 |
_aRU _bNLR _gpsbo |
|
| 801 | 1 |
_aRU _bELAR _2rusmarc |
|
| 852 |
_aNLR _j32-18/159 |
||
| 942 | _cUNSPEC | ||
| 980 | _aNB | ||